Minnesota mining directory.

Bibliographic Details
Previous Title:Mining directory of Minnesota
Corporate Author: University of Minnesota. Mineral Resources Research Center
Format: Serial
Language:English
Published: Minneapolis : Mineral Resources Research Center, University of Minnesota.
Subjects:
Online Availability: Check for online availability

MARC

Tag First Indicator Second Indicator Subfields
LEADER 00000cas a2200000 4500
001 in00000084663
005 20151008053204.0
008 790731d197919uumnuar rs s0uuua0eng d
010 |z 80-645173//r82  |z sc 80000440 
012 |a 2 
022 0 |a 0276-6191 
035 |a (OCoLC)05227110 
035 |9 AAH6583AM 
037 |b Mineral Resources Research Center, University of Minnesota, 56 E. River Rd., Minneapolis, MN 55455 
040 |a MPI  |c MPI  |d UDI  |d NSD  |d MUL  |d DLC  |d TXA  |d UtOrBLW 
042 |a lc  |a nsdp 
043 |a n-us-mn 
049 |a TXAE 
090 |a TN12  |b .M63 
210 0 |a Minn. min. dir. 
222 0 |a Minnesota mining directory 
245 0 0 |a Minnesota mining directory. 
264 1 |a Minneapolis :  |b Mineral Resources Research Center, University of Minnesota. 
300 |a volumes :  |b maps. ;  |c 18 cm. 
310 |a Annual 
336 |a text  |b txt  |2 rdacontent 
337 |a unmediated  |b n  |2 rdamedia 
338 |a volume  |b nc  |2 rdacarrier 
362 1 |a Began with 1979. 
510 0 |a GeoRef  |x 0197-7482 
650 0 |a Mineral industries  |z Minnesota  |x Directories. 
650 0 |a Mines and mineral resources  |z Minnesota  |x Directories. 
710 2 |a University of Minnesota.  |b Mineral Resources Research Center. 
780 0 0 |t Mining directory of Minnesota  |c (1978)  |x 0196-3937 
999 |a MARS 
999 f f |s d44ba90e-141b-3045-8b48-d90e30571923  |i 492fa49e-7b36-31bd-a843-acb967494bfe  |t 0 
952 f f |p ric  |a Texas A&M University  |b Rellis Campus  |c Joint Library Facility  |d Remote Storage  |t 0  |e TN12 .M63  |h Library of Congress classification  |i unmediated -- volume  |k 1982  |m A14807433829 
952 f f |p ric  |a Texas A&M University  |b Rellis Campus  |c Joint Library Facility  |d Remote Storage  |t 0  |e TN12 .M63  |h Library of Congress classification  |i unmediated -- volume  |k 1985  |m A14808402431 
952 f f |p ric  |a Texas A&M University  |b Rellis Campus  |c Joint Library Facility  |d Remote Storage  |t 0  |e TN12 .M63  |h Library of Congress classification  |i unmediated -- volume  |k 1979  |m A14851047036 
952 f f |p ric  |a Texas A&M University  |b Rellis Campus  |c Joint Library Facility  |d Remote Storage  |t 0  |e TN12 .M63  |h Library of Congress classification  |i unmediated -- volume  |k 1980  |m A14851047044 
952 f f |p ric  |a Texas A&M University  |b Rellis Campus  |c Joint Library Facility  |d Remote Storage  |t 0  |e TN12 .M63  |h Library of Congress classification  |i unmediated -- volume  |k 1983  |m A14807489236 
952 f f |p ric  |a Texas A&M University  |b Rellis Campus  |c Joint Library Facility  |d Remote Storage  |t 0  |e TN12 .M63  |h Library of Congress classification  |i unmediated -- volume  |k 1988  |m A14811291310 
952 f f |p ric  |a Texas A&M University  |b Rellis Campus  |c Joint Library Facility  |d Remote Storage  |t 0  |e TN12 .M63  |h Library of Congress classification  |i unmediated -- volume  |k 1987  |m A14812595385 
952 f f |p ric  |a Texas A&M University  |b Rellis Campus  |c Joint Library Facility  |d Remote Storage  |t 0  |e TN12 .M63  |h Library of Congress classification  |i unmediated -- volume  |k 1989  |m A14812285566 
952 f f |p ric  |a Texas A&M University  |b Rellis Campus  |c Joint Library Facility  |d Remote Storage  |t 0  |e TN12 .M63  |h Library of Congress classification  |i unmediated -- volume  |k 1986  |m A14809690817 
952 f f |p ric  |a Texas A&M University  |b Rellis Campus  |c Joint Library Facility  |d Remote Storage  |t 0  |e TN12 .M63  |h Library of Congress classification  |i unmediated -- volume  |k 1984  |m A14808800883 
952 f f |p ric  |a Texas A&M University  |b Rellis Campus  |c Joint Library Facility  |d Remote Storage  |t 0  |e TN12 .M63  |h Library of Congress classification  |i unmediated -- volume  |k 1981  |m A14851047051 
998 f f |a TN12 .M63  |s 1979-1988  |t 0  |l Remote Storage